|
|
|
|
| LEADER |
02878nam a22003975i 4500 |
| 001 |
978-1-4842-0638-6 |
| 003 |
DE-He213 |
| 005 |
20151204153803.0 |
| 007 |
cr nn 008mamaa |
| 008 |
151019s2015 xxu| s |||| 0|eng d |
| 020 |
|
|
|a 9781484206386
|9 978-1-4842-0638-6
|
| 024 |
7 |
|
|a 10.1007/978-1-4842-0638-6
|2 doi
|
| 040 |
|
|
|d GrThAP
|
| 050 |
|
4 |
|a QA75.5-76.95
|
| 072 |
|
7 |
|a UY
|2 bicssc
|
| 072 |
|
7 |
|a COM014000
|2 bisacsh
|
| 082 |
0 |
4 |
|a 004
|2 23
|
| 100 |
1 |
|
|a Rossum, Joost van.
|e author.
|
| 245 |
1 |
0 |
|a Extending SSIS with .NET Scripting
|h [electronic resource] :
|b A Toolkit for SQL Server Integration Services /
|c by Joost van Rossum, Régis Baccaro.
|
| 264 |
|
1 |
|a Berkeley, CA :
|b Apress :
|b Imprint: Apress,
|c 2015.
|
| 300 |
|
|
|a XXV, 472 p. 271 illus.
|b online resource.
|
| 336 |
|
|
|a text
|b txt
|2 rdacontent
|
| 337 |
|
|
|a computer
|b c
|2 rdamedia
|
| 338 |
|
|
|a online resource
|b cr
|2 rdacarrier
|
| 347 |
|
|
|a text file
|b PDF
|2 rda
|
| 520 |
|
|
|a Extending SSIS with .NET Scripting is a timeless and comprehensive scripting toolkit for SQL Server Integration Services to solve a wide array of everyday problems that SSIS developers encounter. The detailed explanation of the Script Task and Script Component foundations helps you develop your own scripting solutions, but this book also shows a broad arsenal of readymade and well-documented scripting solutions for common problems. All examples are in both C# and VB.NET, and work for all current versions of SSIS. SSIS is one of the leading ETL, Data Consolidation, and Data Transformation tools in today’s market. SSIS is used by ETL Developers, DBAs and Data Analysts to transform data as required for different ETL processes. There are many built-in components and tasks to help developers to perform actions. For example, there are tasks for sending and receiving files through FTP, sending an email, and for accessing a wide range of database management systems. Yet there are times when developers require a task or component that does not exist and it would make their life much easier if they could create that task or component, and that is what this book it is about. It shows how to write .NET scripts and use the powerful Microsoft .NET library to implement new functionality as needed. Provides a timeless scripting toolkit for all current SSIS versions Gives a comprehensive explanation of scripting in SSIS Offers a wide array of readymade examples for everyday problems.
|
| 650 |
|
0 |
|a Computer science.
|
| 650 |
1 |
4 |
|a Computer Science.
|
| 650 |
2 |
4 |
|a Computer Science, general.
|
| 700 |
1 |
|
|a Baccaro, Régis.
|e author.
|
| 710 |
2 |
|
|a SpringerLink (Online service)
|
| 773 |
0 |
|
|t Springer eBooks
|
| 776 |
0 |
8 |
|i Printed edition:
|z 9781484206393
|
| 856 |
4 |
0 |
|u http://dx.doi.org/10.1007/978-1-4842-0638-6
|z Full Text via HEAL-Link
|
| 912 |
|
|
|a ZDB-2-CWD
|
| 950 |
|
|
|a Professional and Applied Computing (Springer-12059)
|